London Excellence (Record no. 120359)
[ view plain ]
| 000 -LEADER | |
|---|---|
| fixed length control field | 00966cam a2200205 4500 |
| 001 - CONTROL NUMBER | |
| control field | WS124036 |
| 008 - FIXED-LENGTH DATA ELEMENTS--GENERAL INFORMATION | |
| fixed length control field | 031027n 000 0 eng u |
| 035 ## - SYSTEM CONTROL NUMBER | |
| System control number | (Sirsi) u124036 |
| 110 ## - MAIN ENTRY--CORPORATE NAME | |
| Corporate name or jurisdiction name as entry element | London Excellence |
| 9 (RLIN) | 4546 |
| 245 ## - TITLE STATEMENT | |
| Title | London Excellence |
| 520 ## - SUMMARY, ETC. | |
| Summary, etc. | Web site for this regional excellence organisation for London, the primary source of information on the European Foundation for Quality Management (EFQM) excellence model. Includes an explanation of the model, details of the service offered by the organisation and pages on a development program for small businesses in the construction industry. |
| 650 ## - SUBJECT ADDED ENTRY--TOPICAL TERM | |
| Topical term or geographic name entry element | QUALITY MANAGEMENT |
| 650 ## - SUBJECT ADDED ENTRY--TOPICAL TERM | |
| Topical term or geographic name entry element | LONDON |
| 650 ## - SUBJECT ADDED ENTRY--TOPICAL TERM | |
| Topical term or geographic name entry element | SMALL BUSINESSES |
| 650 ## - SUBJECT ADDED ENTRY--TOPICAL TERM | |
| Topical term or geographic name entry element | EXCELLENCE MODEL |
| 650 ## - SUBJECT ADDED ENTRY--TOPICAL TERM | |
| Topical term or geographic name entry element | EUROPEAN FOUNDATION FOR QUALITY MANAGEMENT |
| 690 ## - LOCAL SUBJECT ADDED ENTRY--TOPICAL TERM (OCLC, RLIN) | |
| Topical term or geographic name as entry element | MANAGEMENT-BUSINESS MANAGEMENT |
| 856 40 - ELECTRONIC LOCATION AND ACCESS | |
| Uniform Resource Identifier | <a href="https://www.London-excellence.org.uk">https://www.London-excellence.org.uk</a> |
| Public note | View the website free of charge at www.London-excellence.org.uk... |
| 942 ## - ADDED ENTRY ELEMENTS (KOHA) | |
| Suppress in OPAC | 0 |
| Withdrawn status | Lost status | Source of classification or shelving scheme | Damaged status | Not for loan | Home library | Current library | Shelving location | Date acquired | Total Checkouts | Full call number | Barcode | Date last seen | Copy number | Price effective from | Koha item type |
|---|---|---|---|---|---|---|---|---|---|---|---|---|---|---|---|
| Dewey Decimal Classification | Virtual | Virtual | Online | 27/10/2003 | WEB SITE | 124036-1001 | 06/08/2019 | 1 | 06/08/2019 | Online material |